Responses for Show #5679 - Thursday, April 23, 2009

Liz Murphy game 1.

Contestants

[<< previous game]

Daniel Wilkinson, a graduate student originally from Woodbury, Georgia

Liz Murphy, a foreign service officer originally from Scranton, Pennsylvania

Melanie Baker-Streevy, a United Methodist pastor from Parma, Michigan (whose 1-day cash winnings total $26,900)

[next game >>]

Jeopardy! Round responses

ARCHAEOLOGY
BIG FAN
THAT'S NOT WHERE YOU THINK IT IS
THE NEW YORK TIMES BUSINESS
THE MOST WANTED LIST
ANAGRAMS OF COMPASS DIRECTIONS
    $200 1
China

Daniel
    $200 21
Clay Aiken

Liz
    $200 4
Florida

Liz
    $200 26
(Daniel: What is Fannie Mae?)
(Liz: Who is Freddie Mac?)

A.I.G.

LizDaniel
Triple Stumper
    $200 11
J. Edgar Hoover

Daniel
    $200 16
teas

Melanie
    $400 2
the Incas

Daniel
    $400 22
Rush Limbaugh

Melanie
    $400 5
Louisiana

Daniel
    $400 27
IMF (the International Monetary Fund)

Liz
    $400 12
"get out of jail free"

Liz
    $400 17
stew

Daniel
    $600 3
Greenland

Liz
    $600 23
Trekkers

Daniel
    $600 8
Nebraska

Liz
    $600 28
earnings

Liz
    $600 13
(Melanie: What is a target?)

his name

Melanie
Triple Stumper
    $600 18
shout

Melanie
    $800 6
Herculaneum

Triple Stumper
    $800 24
the Green Bay Packers

Liz
    $800 9
(Liz: What is Kansas?)
(Daniel: What is Nebraska?)

Texas

MelanieLizDaniel
    $1,000 29
(Liz: Who is Elliot Cuomo?)
...
[The end-of-round signal sounds.]

Andrew Cuomo

Liz
    $800 14
women

Melanie
    $800 19
thorn

Daniel
    $1000 7
Ur

Liz
    $1000 25
a fanilow

Daniel
    $1000 10
California

Melanie
    $1000 15
(Alex: A guy who liked to rob them because they were there.)

Willie Sutton

Triple Stumper
    $1000 20
sate

Melanie

Scores at the first commercial break (after clue 15):

Melanie Liz Daniel
$2,000 $2,000 $400

Scores at the end of the Jeopardy! Round:

Melanie Liz Daniel
$4,200 $2,800 $3,000

Double Jeopardy! Round responses

JAMES JOYCE
DUBLINERS
A PORTRAIT OF THE ARTIST
AS A YOUNG MAN
ULYSSES
FINNEGAN'S "WAKE"
    $400 6
The Odyssey

Liz
    $400 1
Bono

Daniel
    $400 16
(Andy) Warhol

Liz
    $400 21
Mozart

Daniel
    $400 26
Athena

Daniel
    $400 11
a wake-up call

Daniel
    $800 7
June

Melanie
    $800 2
Bob Geldof

Triple Stumper
    $800 17
Whistler

Daniel
    $800 22
Alexander the Great

Liz
    $1,200 27
Ithaca

Daniel
    $800 12
Wake Forest

Daniel
    $1200 8
an ulcer

Liz
    $1200 3
Gabriel Byrne

Liz
    $1200 18
Raphael

Melanie
    $1200 23
Tutankhamon

Daniel
    $1200 28
Penelope

Melanie
    $1200 13
"Wake Up Little Susie"

Daniel
    $1600 9
(Liz: What is Geneva?)
...
(Alex: Yeah, you had a choice of one or the other, and you narrowed it for Daniel.)

Zurich

LizDaniel
    $1600 4
Sinead O'Connor

Daniel
    $1600 19
(Liz: Who is Gauguin?)
(Daniel: Who is Duchamp?)
(Melanie: Who is Monet?)

Paul Cezanne

MelanieLizDaniel
Triple Stumper
    $1,200 24
(Daniel: Who was T.S. Eliot?)

Winston Churchill

Daniel
    $1600 29
Circe

Liz
    $1600 14
Wake Island

Liz
    $2000 10
Nora

Triple Stumper
    $2000 5
Fionnula Flanagan

Triple Stumper
    $2000 20
(Melanie: Who is Degas?)

Renoir

MelanieLiz
    $2000 25
Bobby Kennedy

Liz
    $2000 30
Scylla and Charybdis

Liz
    $2000 15
the Great Awakening

Daniel

Scores at the end of the Double Jeopardy! Round:

Melanie Liz Daniel
$3,800 $12,800 $12,200

[wagering suggestions for these scores]

Final Jeopardy! Round responses

20th CENTURY SCIENCE
MelanieWhat are endorphins?
$2,800
DanielWhat are endorphins?
$3,800
LizWhat are endorphins?
$11,601
endorphins

Final scores:

Melanie Liz Daniel
$6,600 $24,401 $16,000
3rd place: $1,000 New champion: $24,401 2nd place: $2,000

Game dynamics:

Coryat scores:

Melanie Liz Daniel
$3,800 $13,800 $13,000
10 R,
3 W
19 R,
5 W
(including 1 DD)
20 R
(including 1 DD),
4 W
(including 1 DD)

Combined Coryat: $30,600

[game clues] [game scores] [suggest correction]

Game tape date: 2009-02-17
The J! Archive is created by fans, for fans. Scraping, republication, monetization, and malicious use prohibited; this site may use cookies and collect identifying information. See terms. The Jeopardy! game show and all elements thereof, including but not limited to copyright and trademark thereto, are the property of Jeopardy Productions, Inc. and are protected under law. This website is not affiliated with, sponsored by, or operated by Jeopardy Productions, Inc. Join the discussion at JBoard.tv.